000 00419nam a2200181Ia 4500
005 20250603145837.0
008 250603s9999 xx 000 0 und d
020 _a0878932143
050 _aQH 581.2 .C66/
100 _aCooper, Geoffrey M.
245 4 _aThe Cell A Moleculer Approach
260 _aWashington
260 _bASM Press
260 _c2004
300 _a713 p
650 _aWashington
942 _cBK
999 _c43021
_d43021